00649nam a2200205Ia 450000500170000000800410001704000190005804100120007708200190008910000200010824500900012826000440021830000120026244000330027450400500030763000350035765000130039265100280040585000100043320240125134232.0131103s9999 xx 000 0 und d aLoreto College aEnglish a327.1(US)bPER aPerkins, Dexter 4aThe Diplomacy of a new ageb major issues in U.S. policy since 1945 cDexter Perkins  aCalcuttabScientific Book Agencycc1967 a190 p.  aInternational studies series aIncludes bibliographical references and index aUnited States - Foreign Policy aPolitics aInternational Relations aLCLIB